Missing Word: March Days Quiz Stats

Quiz Updated Mar 26, 2016

Challenge
Share
Tweet
Embed
Score 0/31 Timer 05:00
0 Plays Today
Hint Answer % Correct
Forgive Mom and _____ DayDad
95.8%
_____ Graham Bell DayAlexander
94.5%
Salvation _____ DayArmy
93.8%
Corned _____ and Cabbage DayBeef
92.8%
Take a _____ in the Park DayWalk
92.7%
International _____ a Question DayAsk
91.6%
National Bunsen _____ DayBurner
91.3%
National Urban Ballroom _____ DayDancing
91.2%
_____ Appleseed DayJohnny
90.7%
National _____ Cross Bun DayHot
90.6%
_____ Up Your Own Holiday DayMake
89.2%
National Banana _____ Pie DayCream
89.1%
Barnum & _____ DayBailey
87.9%
Simplify-Your-_____ DayLife
86.9%
National Oreo _____ DayCookie
84%
_____ Equinox (Northern Hemisphere)Vernal
80.5%
Hint Answer % Correct
_____ Bang DayBig
79.7%
As Young As You _____ DayFeel
77.9%
National _____ Planting Day (Iran)Tree
77.7%
Quirky Country Music _____ Titles DaySong
76.8%
National Melba _____ DayToast
74.6%
Discover What Your _____ Means DayName
73.1%
Knights of _____ Founders DayColumbus
73.1%
Employee _____ DayAppreciation
67.5%
UN Day for Women's _____ & International PeaceRights
66.3%
National Open an _____ Indoors DayUmbrella
61.8%
Maundy _____Thursday
60.4%
Swallows Return to San _____ Capistrano DayJuan
55.2%
National Everything You _____ Is Wrong DayThink
55.1%
_____ Corps DayPeace
44.4%
_____ of Information DayFreedom
29.9%

Today's Daily Dose

You're not logged in!

Compare scores with friends on all Sporcle quizzes.
Join for Free
OR
Log In

You Might Also Like...

Show Comments

Extras

Top Quizzes Today


Score Distribution

Your Account Isn't Verified!

In order to create a playlist on Sporcle, you need to verify the email address you used during registration. Go to your Sporcle Settings to finish the process.

Report this User

Report this user for behavior that violates our Community Guidelines.

Details: